000 00339 a2200157 4500
001 160263
020 _a
040 _cMagnum
100 _aBoulos Junior, Alfredo
240 1 0 _aS.o.s natureza: 5 de junho
_lpor
245 1 0 _aS.o.s natureza: 5 de junho
362 0 _a1899
440 1 _aFTD
697 _aIJ/PARADIDATICO
942 _cBK
999 _c160263
_d160263